LEADER 00708nam0-22003011i-450- 001 990003277080403321 005 20001010 035 $a000327708 035 $aFED01000327708 035 $a(Aleph)000327708FED01 035 $a000327708 100 $a20000920d1974----km-y0itay50------ba 101 0 $aita 105 $ay-------001yy 200 1 $aLIBYA 210 $aEngland$cPenguin Books$d1974 215 $app. 294 610 0 $aLibia 676 $a157.000 700 1$aFirst,$bRuth$0130404 801 0$aIT$bUNINA$gRICA$2UNIMARC 901 $aBK 912 $a990003277080403321 952 $a157.000.FIR$b1545$fDECGE 959 $aDECGE 996 $aLIBYA$9452011 997 $aUNINA DB $aING01 LEADER 00950nam0-2200337---450- 001 990009341930403321 005 20110412142022.0 035 $a000934193 035 $aFED01000934193 035 $a(Aleph)000934193FED01 035 $a000934193 100 $a20110412d1956----km-y0itay50------ba 101 0 $aita 102 $aIT 105 $aa-------001yb 200 1 $aRodolfo Graziani$fTitta Madia, Emilio Faldella 210 $aRoma$cL'Aniene Editrice$d1956 215 $a456 p.$cill.$d31 cm 300 $aSul. frontespizio : L'uomo / Titta Madia ; il Soldato / Emilio Faldella 610 0 $aGraziani, Rodolfo 676 $a923 676 $a945.0915092 700 1$aMadia,$bTitta$0324530 701 1$aFaldella,$bEmilio$0173247 801 0$aIT$bUNINA$gRICA$2UNIMARC 901 $aBK 912 $a990009341930403321 952 $a923 GRA 1$b60858 bibl.$fFLFBC 959 $aFLFBC 996 $aRodolfo Graziani$9767010 997 $aUNINA